Préfectures françaises avec un nom composé - Statistiques

Statistiques générales
  • Ce quiz a été pris 47 fois
  • Le résultat moyen est 17 sur 20
Statistiques - réponses
Département Préfecture % Correct
La Réunion (974) Saint-Denis
98%
Loire (42) Saint-Étienne
98%
Vendée (85) La Roche-sur-Yon
96%
Martinique (972) Fort-de-France
93%
Ain (01) Bourg-en-Bresse
91%
Charente-Maritime (17) La Rochelle
91%
Puy-de-Dôme (63) Clermont-Ferrand
89%
Sarthe (72) Le Mans
89%
Landes (40) Mont-de-Marsan
89%
Côtes-d'Armor (22) Saint-Brieuc
89%
Marne (51) Chalons-en-Champagne
87%
Manche (50) Saint-Lô
84%
Meuse (55) Bar-le-Duc
82%
Ardennes (08) Charleville-Mézières
82%
Alpes-de-Haute-Provence (04) Digne-les-Bains
82%
Haute-Loire (43) Le-Puy-en-Velay
82%
Jura (39) Lons-le-Saunier
80%
Guadeloupe (971) Basse-terre
73%
Essonne (91) Évry-Courcouronnes
73%
Val-d'Oise (95) Cergy-Pontoise
71%
Aucun quiz correspondant
Distribution des résultats
% des personnes avec chaque résultat
Percentile par nombre de réponses
Votre historique - résultats
Vous n’avez pas pris ce quiz